| 000 | 01224nam a22002777a 4500 | ||
|---|---|---|---|
| 005 | 20250630124240.0 | ||
| 008 | 220120b ||||| |||| 00| 0 eng d | ||
| 020 | _a8185604185 | ||
| 040 | _cAL | ||
| 041 | _aeng | ||
| 082 |
_223 _a294.3 _bILAW |
||
| 100 |
_aKancha Ilaiah _9216596 |
||
| 245 | _aWhy I am Not a Hindu: A Sudra Critique of Hindutva Philosophy, Culture and Political Economy | ||
| 260 |
_aCalcutta _bSamya _c1996 |
||
| 300 |
_axii,132 p. _bPB _c21x14 cm. |
||
| 365 |
_b120.00 _c₹ _d120.00 |
||
| 520 | _aIn this manifesto for the downtrodden, the author examines the socio-economic and cultural differences between the Dalitbahujans (the majority, the so-called low castes) and other Hindus in the contexts of childhood, family life, market relations, power relations, Gods and Goddesses, death and, not least, Hindutva (ideology of the Hindu Right). | ||
| 650 |
_aHinduism _913950 |
||
| 650 |
_a Controversial literature, Religion and politics ofIndia, _913951 |
||
| 650 |
_aSocial life and customs _9216597 |
||
| 650 |
_aDalitization not Hinduization _913952 |
||
| 650 |
_aNeo-Kshatriyas _913953 |
||
| 650 |
_aChildhood Formation _913954 |
||
| 700 |
_aILAIAH (Kancha) _913955 |
||
| 942 |
_2ddc _cGF |
||
| 999 |
_c221265 _d221265 |
||